00626nam a2200133Ia 4500008004100000100002200041245005200063260001900115300000900134942001200143999001500155952016100170952016100331191201s2019 xx 000 0 und d aBEER, Ferding & P 0aVector mechanics for engineers statics/dynamics bTMHaNEW DELHI a1395 2ddccBK c8184d8184 00102ddc40708Dip MEaPIETbPIETd2019-05-15eKIRTI PRAKASHAN, NEW DELHIg850.00kIN3878l0o621 BEVpDE1340r2019-12-04 00:00:00v578.00w2019-05-15yBK 00102ddc40708Dip MEaPIETbPIETd2019-05-15eKIRTI PRAKASHAN, NEW DELHIg850.00kIN3878l0o621 BEVpDE1341r2019-12-04 00:00:00v578.00w2019-05-15yBK